Manual de Lecto Escritura del Método abcd español. Jornada Nacional de Alfabetización (Record no. 8439)

MARC details
000 -LEADER
campo de control de longitud fija 00431nam a2200133Ia 4500
001 - NÚMERO DE CONTROL
campo de control 789
008 - DATOS DE LONGITUD FIJA--INFORMACIÓN GENERAL
campo de control de longitud fija 241024s9999 xx 000 0 und d
082 ## - NÚMERO DE LA CLASIFICACIÓN DECIMAL DEWEY
Número de clasificación RD/374/R426ma/2
100 ## - ENTRADA PRINCIPAL--NOMBRE DE PERSONA
Nombre de persona República Dominicana.Secretaría de Estado de Educación
245 #0 - MENCIÓN DEL TÍTULO
Título Manual de Lecto Escritura del Método abcd español. Jornada Nacional de Alfabetización
260 ## - PUBLICACIÓN, DISTRIBUCIÓN, ETC.
Nombre del editor, distribuidor, etc. Ed. Centenario
Fecha de publicación, distribución, etc. 1999
901 ## - ELEMENTOS DE DATOS A LOCAL LDA (RLIN)
a 2/12/2010 12:07:29 p.m.

No items available.

© 2024. Todos los Derechos Reservados. Desarrollado por IDEICE